000 00428nam a2200133Ia 4500
008 230104s9999||||xx |||||||||||||| ||und||
020 _a996646816-1
040 _cChuka University Library
050 _aHD 31
_bS24 2002
100 _aSagimo .O. Peter
_9778
245 0 _aManagement Dynamics : Towards Efficiency ,Effectiveness ,Competence
260 _aE.A. Educational Publishers
_bNRB, Kampala,Dar es salaam
_c2002
942 _cBK
999 _c5721
_d5721